[Event "Quilpue June op"]
[Site "Quilpue"]
[Date "2018.06.02"]
[Round "5.2"]
[White "Neira Zamudio, Rafael Thomas"]
[Black "Schmidlin Rodriguez, Eric Alex"]
[Result "1/2-1/2"]
[WhiteElo "1345"]
[BlackElo "1962"]
[PlyCount "54"]
[EventDate "2018.06.02"]
[EventType "swiss"]
[EventRounds "5"]
[EventCountry "CHI"]
[SourceTitle "EXT 2024"]
[Source "ChessBase"]
[SourceDate "2023.10.10"]
[SourceVersion "1"]
[SourceVersionDate "2023.10.10"]
[SourceQuality "1"]

1. d4 Nf6 2. Bf4 d6 3. e3 g6 4. Nf3 Bg7 5. Be2 0-0 6. h3 b6 7. c4 Bb7 8. Nc3 Nbd7 9. 0-0 Ne4 10. Nxe4 Bxe4 11. Bd3 Bxf3 12. Qxf3 e5 13. dxe5 dxe5 14. Bh2 Qf6 15. Qxf6 Bxf6 16. Be4 Rad8 17. Rab1 Nc5 18. Bd5 Nd3 19. Rfd1 Nb4 20. a3 Nxd5 21. cxd5 Rd7 22. e4 Re8 23. Rdc1 Bd8 24. Rc6 f6 25. Rbc1 Kf7 26. R1c4 g5 27. a4 a5 1/2-1/2

[Event "Quilpue June op"]
[Site "Quilpue"]
[Date "2018.06.02"]
[Round "1.3"]
[White "Schmidlin Rodriguez, Eric Alex"]
[Black "Azocar Gajardo, Javiera"]
[Result "1-0"]
[WhiteElo "1962"]
[BlackElo "1004"]
[PlyCount "77"]
[EventDate "2018.06.02"]
[EventType "swiss"]
[EventRounds "5"]
[EventCountry "CHI"]
[SourceTitle "EXT 2024"]
[Source "ChessBase"]
[SourceDate "2023.10.10"]
[SourceVersion "1"]
[SourceVersionDate "2023.10.10"]
[SourceQuality "1"]

1. e4 e5 2. Nf3 Nc6 3. Bb5 d6 4. d4 Bg4 5. 0-0 Nf6 6. dxe5 dxe5 7. Qxd8+ Rxd8 8. Nxe5 Ra8 9. Nxc6 a6 10. Ba4 Bd7 11. Na5 Bxa4 12. b3 Bb5 13. c4 Bc6 14. Nxc6 bxc6 15. Bb2 Be7 16. Nc3 0-0 17. Rad1 Bb4 18. f3 Bc5+ 19. Kh1 Rae8 20. Na4 Bd6 21. Bxf6 gxf6 22. g4 Re5 23. Kg2 Rg5 24. h4 Rg7 25. h5 h6 26. Kf2 Rd8 27. c5 Be7 28. Rxd8+ Bxd8 29. Rd1 Be7 30. Rd7 Bf8 31. Rxc7 Rg5 32. Rxc6 Bg7 33. Rxa6 f5 34. exf5 Bd4+ 35. Ke2 Kh8 36. Rxh6+ Kg7 37. Rd6 Be5 38. Rd7 Kf6 39. c6 1-0

[Event "CHI-ch sf"]
[Site "Quilpue"]
[Date "2016.12.16"]
[Round "5"]
[White "Schmidlin Rodriguez, Eric Alex"]
[Black "Lopez Silva, Hugo Andres"]
[Result "0-1"]
[WhiteElo "1991"]
[BlackElo "2422"]
[PlyCount "41"]
[EventDate "2016.12.14"]
[EventType "swiss"]
[EventRounds "8"]
[EventCountry "CHI"]
[SourceTitle "EXT 2018"]
[Source "ChessBase"]
[SourceDate "2017.10.13"]
[SourceVersion "1"]
[SourceVersionDate "2017.10.13"]
[SourceQuality "1"]

1. e4 e5 2. Nf3 Nc6 3. Bb5 a6 4. Ba4 Nge7 5. 0-0 g6 6. d4 exd4 7. Bg5 Bg7 8. Qd2 b5 9. Bb3 h6 10. Bf4 d6 11. c3 g5 12. Bg3 dxc3 13. Nxc3 0-0 14. Rad1 Bg4 15. h4 gxh4 16. Bxh4 Qd7 17. Rde1 Ng6 18. Bg3 Bxf3 19. gxf3 Qh3 20. f4 Bd4 21. Qd3 0-1

[Event "Valparaiso op 1st"]
[Site "Valparaiso"]
[Date "2016.01.26"]
[Round "1"]
[White "Schmidlin Rodriguez, Eric Alex"]
[Black "Lemus Pena, Macarena"]
[Result "1-0"]
[WhiteElo "2056"]
[BlackElo "1210"]
[PlyCount "61"]
[EventDate "2016.01.26"]
[EventType "swiss"]
[EventRounds "6"]
[EventCountry "CHI"]
[SourceTitle "CBM 170 Extra"]
[Source "ChessBase"]
[SourceDate "2016.02.25"]
[SourceVersion "1"]
[SourceVersionDate "2016.02.25"]
[SourceQuality "1"]

1. e4 c5 2. Nf3 d6 3. g3 Nf6 4. d3 e6 5. Bg2 Nc6 6. c3 Qc7 7. 0-0 d5 8. Re1 Bd6 9. Bg5 d4 10. Nbd2 b5 11. a4 Ba6 12. e5 Nxe5 13. Nxe5 Rb8 14. cxd4 Bxe5 15. dxe5 Nd5 16. axb5 Bxb5 17. Nc4 0-0 18. Qg4 Ne7 19. h4 Kh8 20. h5 h6 21. Bxe7 Qxe7 22. Be4 Qc7 23. Nd6 f5 24. exf6 Rxf6 25. Nxb5 Rxb5 26. Ra2 Rb4 27. Rea1 Qd8 28. Rxa7 Qf8 29. Ra8 Rb8 30. Rxb8 Qxb8 31. Ra8 1-0